000
00274nam a2200121Ia 4500
008
190216s9999||||xx |||||||||||||| ||und||
100
_a
Null
245
0
_a
Hindi-Vanmalishash
260
_b
New Age International Publishers
300
_a
105
650
_a
Hindi
942
_c
BK
999
_c
15910
_d
15910